000 00538nam a2200181Ia 4500
008 151202s9999||||xx |||||||||||||| ||und||
082 _bPNVM-53793
100 _aअत्रे प्रभाकर.
245 _aपालखी.
260 _b"मंदार प्रकाशन,पनवेल."
260 _c1987
300 _a162
600 _aअत्रे प्रभाकर.
630 _aपालखी.
700 _aअत्रे प्रभाकर.
730 _aपालखी.
942 _cBOOK
999 _c1320332
_d1320329